Devízové rezervy vybraných centrálnych bánk v čase finančnej krízy diplomová práca

Enregistré dans:
Détails bibliographiques
Auteur principal: Gališinová, Ivana
Collectivité auteur: Národohospodárska fakulta EU. Katedra bankovníctva a medzinárodných financií
Autres auteurs: Kotlebová, Jana, 1969-
Format: Livre
Langue:slovaque
Publié: Bratislava 2016
Tags: Ajouter un tag
Pas de tags, Soyez le premier à ajouter un tag!

MARC

LEADER 00000nbm a2200000 4500
001 0217913
005 20170608123807.7
041 0 |a slo 
044 |a SK 
245 1 0 |a Devízové rezervy vybraných centrálnych bánk v čase finančnej krízy  |b diplomová práca  |c Ivana Gališinová ; školiteľ: Jana Kotlebová 
264 1 |a Bratislava  |c 2016 
300 |a 96 s. 
100 1 |a Gališinová, Ivana 
700 1 |a Kotlebová, Jana, 1969- 
710 2 |a Národohospodárska fakulta EU. Katedra bankovníctva a medzinárodných financií